000 00706nam a2200289Ia 4500
005 20260324144840.0
008 008 260324s9999 xx 000 0 eng d
020 _a9781315741963
037 _aEBOOK
040 _aCRL
040 _beng
040 _cCRL
041 _2eng
041 _aeng
084 _qCRL
100 _aJonathan Goldberg
_91210679
245 0 _aVoice Terminal Echo (Routledge Revivals)
245 0 _bPostmodernism and English Renaissance Texts
260 _bTaylor and Francis
260 _c1986
365 _a
365 _b290
856 _uhttp://www.taylorfrancis.com/books/9781315741963
942 _cEBOOK
999 _c1827970
_d1827970